Arrivée/Départ des Enfoirés - Statistiques

Statistiques générales
  • Ce quiz a été pris 11 fois
  • Le résultat moyen est 6 sur 16
Statistiques - réponses
Hint Réponse % Correct
2010-2017 Grégoire
64%
1989-2021 Michael Jones
64%
1992-2020 Muriel Robin
64%
2009-2013 Renan Luce
55%
2007-2022 Bénabar
45%
2009-2025 Sébastien Chabal
45%
2004-2014 Chimène Badi
36%
1993-2025 Patrick Bruel
36%
2009-2020 Thomas Dutronc
36%
2002-2006 Axel Bauer
27%
2004-2007 Calogero
27%
1997-2012 Elsa Lunghini
27%
2007-2025 Kad Merad
27%
1994-2008 Céline Dion
18%
2014-2024 Dany Boon
18%
1998-2001 Jean Marie Bigard
18%
Aucun quiz correspondant
Distribution des résultats
% des personnes avec chaque résultat
Percentile par nombre de réponses
Votre historique - résultats
Vous n’avez pas pris ce quiz